[Event "Groningen Open A"]
[Site "Groningen NED"]
[Date "2012.12.22"]
[Round "2.20"]
[White "Van Overdam,Jan"]
[Black "Van Kampen,R"]
[Result "0-1"]
[WhiteElo "2157"]
[BlackElo "2570"]

1.e4 c5 2.Nf3 d6 3.Bb5+ Nc6 4.O-O Bd7 5.Re1 Nf6 6.Nc3 e6 7.Bxc6 Bxc6 8.d4 cxd4
9.Qxd4 Be7 10.b3 O-O 11.Bb2 Qc7 12.Rad1 Rfd8 13.a4 a6 14.Qd3 e5 15.Na2 Qb6
16.Ba3 Bf8 17.Nd2 Qc7 18.Nb4 d5 19.Nxc6 Qxc6 20.Bxf8 Kxf8 21.c4 dxe4 22.Qc2 Rd4
23.Re2 Rad8 24.Rde1 Nd5 25.Rxe4 Nf4 26.Nf3 Qg6 27.g3 Rd3 28.Rxf4 exf4 29.Ne5  0-1

[Event "Groningen Open A"]
[Site "Groningen NED"]
[Date "2012.12.22"]
[Round "2.21"]
[White "Hansen,Eric"]
[Black "Kuling,L"]
[Result "1/2-1/2"]
[WhiteElo "2539"]
[BlackElo "2246"]

1.e4 c5 2.Nf3 d6 3.Bb5+ Bd7 4.Bxd7+ Qxd7 5.c4 Nf6 6.Nc3 g6 7.O-O Bg7 8.d4 cxd4
9.Nxd4 O-O 10.f3 Rc8 11.b3 d5 12.e5 Ne8 13.f4 dxc4 14.Be3 e6 15.bxc4 Rxc4
16.Qd3 Rc8 17.Rfd1 Nc6 18.Nxc6 Qxc6 19.Nb5 Rd8 20.Qb3 a6 21.Na7 Qe4 22.Qb6 Nc7
23.Rxd8+ Rxd8 24.Re1 Rd7 25.Bf2 Qd5 26.Rc1 Bf8 27.h3 Nb5 28.Nxb5 Qxb5 29.Qxb5 axb5
30.Bh4 Be7 31.Bf6 Bxf6 32.exf6 h6 33.h4 g5 34.fxg5 hxg5 35.hxg5 Kh7 36.Rc8 Rd5
37.Rf8 Rxg5 38.Rxf7+ Kg6 39.Rg7+ Kxf6 40.Rxb7  1/2-1/2

[Event "19th Zadar Open A"]
[Site "Zadar CRO"]
[Date "2012.12.22"]
[Round "9.5"]
[White "Kadric,D"]
[Black "Saric,A"]
[Result "0-1"]
[WhiteElo "2458"]
[BlackElo "2533"]

1.e4 c5 2.Nf3 d6 3.Bb5+ Bd7 4.Bxd7+ Qxd7 5.O-O Nf6 6.Qe2 Nc6 7.Rd1 e6 8.d4 cxd4
9.Nxd4 Rc8 10.Nf3 Qc7 11.c4 Ne5 12.Nxe5 dxe5 13.b3 Bc5 14.Nc3 a6 15.Be3 Bb4
16.Bd2 Qc6 17.Rac1 Bc5 18.Bg5 Bd4 19.Qf3 Nd7 20.Nb5 Qb6 21.Nxd4 exd4 22.e5 Nxe5
23.Qg3 f6 24.Bf4 Ng6 25.Bd6 e5 26.Qg4 Qc6 27.c5 Kf7 28.Qh5 Rhd8 29.f4 Kg8
30.fxe5 fxe5 31.Rf1 Qd5 32.Qf5 Re8 33.Rce1 Rcd8 34.Rf2 Qe6 35.Qe4 Rd7 36.Ref1 Nf4
37.Kh1 Qg6 38.Qf3 h6 39.g3 Nd3 40.Qd5+ Kh7 41.Rf8 Rxf8 42.Rxf8 Qg4 43.Kg1 Qd1+
44.Rf1 Qe2 45.Qe6 Qe3+ 46.Kg2 Qe4+ 47.Kg1 Rd8 48.Qf7 Qe3+ 49.Kg2 Qe4+ 50.Kg1 Rg8
51.Bf8 Qe3+ 52.Kg2 Qg5 53.h4 Qd2+ 54.Kg1 Qe3+ 55.Kg2 Qe4+ 56.Kg1 Qe3+ 57.Kg2 Qe2+
58.Kh3 Nf2+ 59.Kg2 Ng4+ 60.Kh3 Ne3 61.h5 Qg2+ 62.Kh4 Qe4+  0-1

[Event "Russian Rapid GP Final 2012"]
[Site "Kirov RUS"]
[Date "2012.12.23"]
[Round "2.2"]
[White "Stukopin,A"]
[Black "Sjugirov,S"]
[Result "1/2-1/2"]
[WhiteElo "2492"]
[BlackElo "2643"]

1.e4 c5 2.Nf3 d6 3.Bb5+ Nc6 4.O-O Bd7 5.c3 Nf6 6.Re1 a6 7.Bf1 Bg4 8.d3 e6
9.Nbd2 Bh5 10.h3 d5 11.Qc2 Be7 12.g3 O-O 13.Bg2 Rc8 14.Nh2 Bg6 15.f4 c4 16.dxc4 dxe4
17.Nxe4 b5 18.cxb5 axb5 19.Qf2 b4 20.Nxf6+ Bxf6 21.Bd2 bxc3 22.Bxc3 Bxc3
23.bxc3 Qa5 24.Rec1 Qa3 25.Nf3 Nb4 26.Ne5 Rxc3 27.Rxc3 Qxc3 28.Rd1 Bc2 29.Rd7 f6
30.Nf3 Ba4 31.Re7 Bc6 32.Rxe6 Bd5 33.Re7 Ra8 34.Qb6 h6 35.Re3 Qc1+ 36.Re1 Qc3
37.Re3 Qc1+ 38.Re1 Qc3 39.Re3 Qc1+ 40.Re1  1/2-1/2

[Event "Al Ain Classic 2012"]
[Site "Al-Ain UAE"]
[Date "2012.12.24"]
[Round "3.9"]
[White "Karim,I"]
[Black "Arjun,B"]
[Result "0-1"]
[WhiteElo "2383"]
[BlackElo "2295"]

1.e4 c5 2.Nf3 d6 3.Bb5+ Bd7 4.Bxd7+ Qxd7 5.O-O Nf6 6.e5 dxe5 7.Nxe5 Qc7 8.d4 cxd4
9.Bf4 Qb6 10.Nd2 e6 11.c3 dxc3 12.Ndc4 Qa6 13.b4 Bxb4 14.Rb1 Be7 15.Qf3 O-O
16.Rxb7 Nd5 17.Rxe7 Nxe7 18.Nd6 Nbc6 19.Qxc3 Nxe5 20.Bxe5 Ng6 21.Bg3 Rfd8
22.Qc7 Rf8 23.h4 Qb6 24.Qc3 Ne7 25.Be5 Qc6 26.Qg3 f6 27.Bf4 Nf5 28.Nxf5 exf5
29.h5 Rac8 30.Rd1 Rfd8 31.Qb3+ Kh8 32.Rxd8+ Rxd8 33.h6 Qd5 34.hxg7+ Kxg7
35.Qg3+ Kh8 36.Qh4 Qd4 37.Kh2 Rg8 38.f3 Rg6 39.Kh1 a5 40.a3 a4 41.Kh2 Kg8
42.Kh1 Kg7 43.Kh2 Qc4 44.Bg3 Rh6  0-1

[Event "Groningen Open A"]
[Site "Groningen NED"]
[Date "2012.12.24"]
[Round "4.19"]
[White "Breder,D"]
[Black "Mostertman,M"]
[Result "1-0"]
[WhiteElo "2438"]
[BlackElo "2250"]

1.e4 c5 2.Nf3 d6 3.Bb5+ Bd7 4.Bxd7+ Qxd7 5.O-O Nf6 6.Qe2 Nc6 7.Rd1 g5 8.c3 g4
9.Nh4 Bh6 10.Nf5 Bg5 11.Na3 e6 12.Ng3 h5 13.d4 Bxc1 14.Raxc1 cxd4 15.cxd4 d5
16.e5 Ng8 17.Nxh5 Rxh5 18.Qxg4 Nf6 19.exf6 Rh8 20.Rc3 O-O-O 21.Nb5 a6 22.Na7+ Kb8
23.Nxc6+ bxc6 24.Rdc1 Rdg8 25.Qe2 Kb7 26.Rxc6 Qxc6 27.Rxc6 Kxc6 28.Qxa6+ Kc7
29.Qa7+ Kd6 30.Qe7+  1-0

[Event "World Cities Team KO"]
[Site "Al-Ain UAE"]
[Date "2012.12.25"]
[Round "1.1"]
[White "Safarli,E"]
[Black "Vachier Lagrave,M"]
[Result "1/2-1/2"]
[WhiteElo "2626"]
[BlackElo "2711"]

1.e4 c5 2.Nf3 d6 3.Bb5+ Bd7 4.Bxd7+ Qxd7 5.O-O Nf6 6.Qe2 Nc6 7.Rd1 g5 8.c3 g4
9.Nh4 O-O-O 10.d4 d5 11.e5 Ne4 12.Be3 Rg8 13.Nd2 Nxd2 14.Qxd2 e6 15.Bg5 Be7
16.Bxe7 Qxe7 17.Qh6 Rdf8 18.g3 f6 19.exf6 Rxf6 20.Qe3 cxd4 21.cxd4 Kb8 22.Rd2 Qf7
23.Re1 Re8 24.Qg5 Rg8 25.Qe3 Re8 26.Qg5 Rg8  1/2-1/2

[Event "Al Ain Classic 2012"]
[Site "Al-Ain UAE"]
[Date "2012.12.25"]
[Round "4.22"]
[White "Golizadeh,A"]
[Black "Ihsan,J"]
[Result "1-0"]
[WhiteElo "2476"]
[BlackElo "2126"]

1.e4 c5 2.Nf3 d6 3.Bb5+ Bd7 4.Bxd7+ Qxd7 5.O-O Nc6 6.Qe2 e5 7.c3 g6 8.Rd1 Bg7
9.Na3 Nge7 10.d4 cxd4 11.cxd4 Nxd4 12.Nxd4 exd4 13.Nb5 Nc6 14.Bf4 O-O 15.Bxd6 Rfe8
16.Bg3 Rad8 17.Nc7 Re7 18.Qf3 Ne5 19.Bxe5 Bxe5 20.Nd5 Re6 21.g3 Rd6 22.Rac1 Ra6
23.Nb4 Ra5 24.Nd3 Bc7 25.Nc5 Qc8 26.b4 Rb5 27.a3 Bb6 28.Nd3 Qh3 29.Qg2 Qxg2+
30.Kxg2 a5 31.a4 Rxb4 32.Nxb4 axb4 33.Rc4 Rd7 34.Rxb4 Bc5 35.Rb5 Ba3 36.Rd5  1-0

[Event "Al Ain Classic 2012"]
[Site "Al-Ain UAE"]
[Date "2012.12.27"]
[Round "6.12"]
[White "Golizadeh,A"]
[Black "Elgabry,M"]
[Result "1-0"]
[WhiteElo "2476"]
[BlackElo "2365"]

1.e4 c5 2.Nf3 d6 3.Bb5+ Bd7 4.Bxd7+ Qxd7 5.O-O Nf6 6.Qe2 Nc6 7.Rd1 e6 8.d4 cxd4
9.Nxd4 Be7 10.c4 Nxd4 11.Rxd4 Qc6 12.Nc3 a6 13.Bg5 h6 14.Bh4 Rc8 15.b3 b5
16.Rc1 g5 17.Bg3 b4 18.Nd1 e5 19.Rd3 Qxe4 20.Ne3 h5 21.f3 Qg6 22.Be1 a5 23.Nd5 Nd7
24.Rcd1 Rc6 25.Bf2 Bd8 26.f4 e4 27.fxg5 Bxg5 28.Rg3 h4 29.Rxg5 Qxg5 30.Qxe4+ Ne5
31.c5 f5 32.Qe2 f4 33.Qe4 f3 34.Nf4 Rf8 35.g3 hxg3 36.hxg3 Qf5 37.Qd5 Kd7
38.cxd6 Nc4 39.bxc4 Qxd5 40.Nxd5 Rb8 41.c5 Rb5 42.Nf6+ Kd8  1-0

[Event "36th Zurich Christmas Open"]
[Site "Zuerich SUI"]
[Date "2012.12.27"]
[Round "3.4"]
[White "Bartel,Mat"]
[Black "Sebenik,M"]
[Result "1-0"]
[WhiteElo "2629"]
[BlackElo "2543"]

1.e4 c5 2.Nf3 d6 3.Bb5+ Bd7 4.Bxd7+ Qxd7 5.O-O Nf6 6.Qe2 Nc6 7.c3 e6 8.d4 cxd4
9.cxd4 d5 10.e5 Ne4 11.Be3 Be7 12.Ne1 f6 13.f3 Ng5 14.Nd3 O-O 15.Nd2 Nf7
16.f4 f5 17.Nf3 Rac8 18.h3 b6 19.Kh1 Nb4 20.Nxb4 Bxb4 21.g4 Nh6 22.g5 Nf7
23.g6 hxg6 24.Rg1 g5 25.Nxg5 Nxg5 26.Rxg5 Rf7 27.Rag1 Qc6 28.Qg2 Bf8 29.Rg6 Re7
30.Bd2 a5 31.Bc3 Qc4 32.Qf3 Qa4 33.Qe2 Qc4 34.Qd1 Ree8 35.Rf6 Rc7 36.Rh6 Kf7
37.Qh5+  1-0

[Event "Al Ain Classic 2012"]
[Site "Al-Ain UAE"]
[Date "2012.12.28"]
[Round "8.5"]
[White "Golizadeh,A"]
[Black "Can,E"]
[Result "1-0"]
[WhiteElo "2476"]
[BlackElo "2448"]

1.e4 c5 2.Nf3 d6 3.Bb5+ Bd7 4.Bxd7+ Qxd7 5.O-O Nf6 6.Re1 Nc6 7.c3 e6 8.d4 cxd4
9.cxd4 d5 10.e5 Ne4 11.Nbd2 Nxd2 12.Bxd2 Be7 13.Rc1 O-O 14.Rc3 Rfc8 15.h4 Qd8
16.Rd3 Nb4 17.Rb3 Rc4 18.Rc3 Rac8 19.Qb1 Nc6 20.Rd3 Nb4 21.Rc3 h6 22.Rec1 b5
23.g3 Qb6 24.Kg2 R8c7 25.g4 Nc6 26.b3 Rxc3 27.Rxc3 Nb4 28.Rxc7 Qxc7 29.g5 Qc2
30.Qxc2 Nxc2 31.gxh6 gxh6 32.Bxh6 Ba3 33.Bd2 Bb2 34.Be3 a5 35.a4 b4 36.Kf1 Na1
37.Nd2 Nc2 38.Nf3 Na1 39.Ke2 Nxb3 40.Kd3 Na1 41.Bd2 Ba3 42.Be1 b3 43.Bxa5 Bc1
44.Bc3 b2 45.Nd2 Bxd2 46.Bxb2 Nb3 47.Kc2 Nxd4+ 48.Bxd4 Be1 49.f3 Kg7 50.Bb6  1-0

[Event "Al Ain Classic 2012"]
[Site "Al-Ain UAE"]
[Date "2012.12.28"]
[Round "9.25"]
[White "Ssegwanyi,Arthur"]
[Black "Arjun,B"]
[Result "1/2-1/2"]
[WhiteElo "2222"]
[BlackElo "2295"]

1.e4 c5 2.Nf3 d6 3.Bb5+ Bd7 4.Bxd7+ Qxd7 5.O-O Nf6 6.e5 dxe5 7.Nxe5 Qc7 8.d4 cxd4
9.Bf4 Qb6 10.Nd2 e6 11.c3 dxc3 12.Qa4+ Nc6 13.Ndc4 Qb4 14.Qxb4 Nxb4 15.bxc3 Nbd5
16.Bg3 Nxc3 17.Rfe1 Be7 18.Na5 b6 19.Nac6 Ncd5 20.a4 O-O 21.a5 Bc5 22.Nd3 Rfc8
23.axb6 Bxb6 24.Rac1 h6 25.Bd6 Ne8 26.Be5 Kf8 27.Kf1 a5 28.Bb2 Rc7 29.Be5 Rcc8
30.Bb2 g5 31.Rc2 a4 32.Nde5 Rc7 33.Ba3+ Kg7 34.Rec1 Rb7 35.Nd3 Bc7 36.Nc5 Rb6
37.Nd7 Rb3 38.Bb2+ Kg8 39.Nd4 Rb4 40.Nc6 Rf4 41.g3 Rf5 42.Rd2 a3 43.Ba1 Bd8
44.Kg2 g4 45.Rd3 a2 46.Rc2 Bg5 47.Rb3 Nef6 48.Nde5 h5 49.Rbb2 Ne4 50.Rxa2 Rxa2
51.Rxa2 f6 52.Ra8+ Kg7 53.Ra7+ Kg8  1/2-1/2

[Event "Al Ain Classic 2012"]
[Site "Al-Ain UAE"]
[Date "2012.12.28"]
[Round "9.1"]
[White "Edouard,R"]
[Black "Vachier Lagrave,M"]
[Result "1/2-1/2"]
[WhiteElo "2686"]
[BlackElo "2711"]

1.e4 c5 2.Nf3 d6 3.Bb5+ Bd7 4.Bxd7+ Qxd7 5.c4 Nf6 6.Nc3 g6 7.O-O Bg7 8.d4 cxd4
9.Nxd4 O-O 10.f3 Rc8 11.b3 d5 12.exd5 Nxd5 13.Nxd5 e6 14.Bh6 exd5 15.Bxg7 Kxg7
16.Nb5 dxc4 17.Nd6 Rd8 18.Nxb7 Qxd1 19.Rfxd1 Rxd1+ 20.Rxd1 cxb3 21.axb3 Nc6
22.Rd7 a5 23.Rd6 Rc8 24.Rd7 Ra8 25.Nd6 Ne5 26.Re7 Kf6 27.Rb7 a4 28.Ne4+ Kg7
29.bxa4 Rxa4 30.Kf2 Ra2+ 31.Kg3  1/2-1/2

[Event "Al Ain Classic 2012"]
[Site "Al-Ain UAE"]
[Date "2012.12.28"]
[Round "9.27"]
[White "Karim,I"]
[Black "Mohamed,Tarek"]
[Result "1/2-1/2"]
[WhiteElo "2383"]
[BlackElo "2274"]

1.e4 c5 2.Nf3 d6 3.Bb5+ Bd7 4.Bxd7+ Nxd7 5.O-O Ngf6 6.Qe2 e6 7.c4 Be7 8.Nc3 O-O
9.d4 cxd4 10.Nxd4 Rc8 11.b3 a6 12.Bb2 Re8 13.Rad1 Qa5 14.f4 Bd8 15.Kh1 Bc7
16.Nf3 Re7 17.Rfe1 Qh5 18.Ba3 Qa5 19.Qb2 e5 20.Nd5 Nxd5 21.Rxd5 b5 22.fxe5 Nxe5
23.b4 Qa4 24.Nxe5 Rxe5 25.Qb3 Qxb3 26.axb3 Rxd5 27.exd5 h5 28.c5 Kf8 29.g3 Re8
30.Rxe8+ Kxe8 31.Kg2 Bb8 32.Kf3 Ba7 33.Ke4 Ke7 34.h3 g6 35.g4 hxg4 36.hxg4 f6
37.c6 Bb6 38.Bb2 Bc7 39.Bd4 Kf7 40.Kf4 Ke7 41.Ke4 Kf7 42.Kf4 Ke7 43.Ke4 Kf7  1/2-1/2

[Event "Pan-Am Intercollegiate 2012"]
[Site "Princeton USA"]
[Date "2012.12.28"]
[Round "2"]
[White "Steingrimsson,H"]
[Black "Salazar,Au"]
[Result "1-0"]
[WhiteElo "2560"]
[BlackElo "2225"]

1.e4 c5 2.Nf3 d6 3.Bb5+ Nd7 4.d4 cxd4 5.Qxd4 a6 6.Bxd7+ Bxd7 7.Bg5 Nf6 8.Bxf6 gxf6
9.O-O Qa5 10.Nc3 Qh5 11.Nd5 Rc8 12.Qb6 Bh6 13.Qxb7 Rg8 14.Ne1 Rd8 15.g3 Qe2
16.c3 Bd2 17.Ng2 h5 18.Rad1 Bg4 19.f3 Bd7 20.f4 Rg6 21.Qxa6 Bb5 22.Qxb5+  1-0

[Event "Pan-Am Intercollegiate 2012"]
[Site "Princeton USA"]
[Date "2012.12.28"]
[Round "3"]
[White "Priyadharshan,K"]
[Black "Steingrimsson,H"]
[Result "1/2-1/2"]
[WhiteElo "2413"]
[BlackElo "2560"]

1.e4 c5 2.Nf3 d6 3.Bb5+ Bd7 4.Bxd7+ Qxd7 5.c4 Nf6 6.Nc3 g6 7.O-O Bg7 8.d4 cxd4
9.Nxd4 O-O 10.h3 Nc6 11.Be3 a6 12.Rc1 Rfc8 13.b3 Qd8 14.Qd2 Qa5 15.Rfd1 b5
16.Nxc6 Rxc6 17.Nd5 Qxd2 18.Bxd2 Kf8 19.Nxf6 Bxf6 20.cxb5 Rxc1 21.Rxc1 axb5
22.Rc2 Bd4 23.Kf1 f5 24.f3 fxe4 25.fxe4 Kf7 26.Ke2 Ke6 27.Bb4 Ke5 28.Kd3 Bb6
29.Bd2  1/2-1/2

[Event "29th Geneva Open"]
[Site "Geneva SUI"]
[Date "2012.12.29"]
[Round "5.2"]
[White "Kovacevic,A"]
[Black "Guliyev,N"]
[Result "1-0"]
[WhiteElo "2560"]
[BlackElo "2545"]

1.e4 c5 2.Nf3 d6 3.Bb5+ Bd7 4.Bxd7+ Qxd7 5.c4 Nf6 6.Nc3 g6 7.d4 cxd4 8.Nxd4 Bg7
9.f3 O-O 10.Be3 Nc6 11.O-O a6 12.Rc1 Nxd4 13.Bxd4 b5 14.cxb5 axb5 15.b3 Qb7
16.Qe2 b4 17.Na4 Rfc8 18.Qd2 Nd7 19.Be3 h5 20.Rxc8+ Rxc8 21.Rc1 Rxc1+ 22.Qxc1 h4
23.h3 Bf6 24.Qe1 Qb5 25.Bf2 g5 26.Qd2 Kh7 27.Be1 Nc5 28.e5 Bxe5 29.Qxg5 Bd4+
30.Kh2 Be5+ 31.f4 Bf6 32.Qh5+ Kg7 33.Bxh4 Bxh4 34.Qg4+ Kf8 35.Qxh4 f6 36.Qh8+ Kf7
37.Qh5+ Kg7 38.h4 Qf1 39.Qg4+ Kf8 40.Nxc5 dxc5 41.h5 Qd3 42.h6 Qh7 43.Qh5 Qe4
44.h7 Qxf4+ 45.Kh3 Qe3+ 46.g3 Qe6+ 47.Kh2 Qe2+ 48.Qxe2  1-0

[Event "22nd North American Open"]
[Site "Las Vegas USA"]
[Date "2012.12.29"]
[Round "8.2"]
[White "Li Chao2"]
[Black "Kacheishvili,G"]
[Result "1/2-1/2"]
[WhiteElo "2670"]
[BlackElo "2602"]

1.e4 c5 2.Nf3 d6 3.Bb5+ Bd7 4.Bxd7+ Qxd7 5.O-O Nf6 6.Qe2 Nc6 7.Rd1 e6 8.d4 cxd4
9.Nxd4 Rc8 10.Nf3 Qc7 11.c4 a6 12.Bf4 Nd7 13.Nc3 Nce5 14.Rac1 Be7 15.b3 O-O
16.Nd4 Qb8 17.Bg3 Rc7 18.h3 Rfc8 19.Qe3 h6 20.Kh1 Bf8 21.Rc2 Qa7 22.Qe1 Nc5
23.Rcd2 Qb6 24.Nc2 Ncd7 25.Ne3 Qc6 26.f4 Ng6 27.Nc2 Nb8 28.Nd4 Qe8 29.Nf3 Nd7
30.a4 Rc6 31.Bh2 Rb6 32.Rb1 Rbc6 33.Qe3 R6c7 34.Rbd1 Rc6 35.Ne2 R6c7 36.g4 Nc5
37.Re1 b5 38.cxb5 axb5 39.a5 b4 40.h4 Qc6 41.Ned4 Qb7 42.f5 exf5 43.Nxf5 Re8
44.Rd4 Ne6 45.Nxd6 Bxd6 46.Rxd6 Rc3 47.Rd3 Rc5 48.h5 Ngf8 49.Ne5 Qa8 50.Nc4 Rg5
51.Qf3 Nc5 52.Rde3 Nfe6 53.Rd1 Rd8 54.Bd6 Qc6 55.Ree1 f6 56.Kh2 Rc8 57.Nb6 Rd8
58.Nc4 Rc8 59.Kg3 Nxb3 60.Nb6 Ned4 61.Nxc8 Qxc8 62.Qf4 Qc3+ 63.Qe3 Qc8 64.Qf4 Qc3+
65.Qe3 Qc8 66.Qf4 Nc2 67.Re2 Nbd4 68.Red2 Qc3+ 69.Kf2 b3 70.Rd3 Qc4 71.e5 b2
72.exf6 gxf6 73.Qe4 Qc8 74.a6 Qxa6 75.Qe8+ Kh7 76.Bf8 Qxd3 77.Rxd3 b1=Q 78.Qe7+ Kg8
79.Bxh6 Rxg4 80.Qe8+ Kh7 81.Qd7+ Kxh6 82.Qxg4 Qe1+ 83.Kg2 Qe2+  1/2-1/2

[Event "22nd North American Open"]
[Site "Las Vegas USA"]
[Date "2012.12.30"]
[Round "9.12"]
[White "Santarius,E"]
[Black "Cernousek,L"]
[Result "0-1"]
[WhiteElo "2303"]
[BlackElo "2450"]

1.e4 c5 2.Nf3 d6 3.Bb5+ Nd7 4.c3 Nf6 5.Qe2 a6 6.Ba4 Qc7 7.O-O e5 8.Bb3 Be7
9.a4 b6 10.d3 O-O 11.Nh4 Re8 12.Nf5 Bf8 13.Bg5 h6 14.Bh4 g6 15.Ne3 Bg7 16.Qf3 Bb7
17.Nd2 Rf8 18.g4 Rae8 19.Kh1 Kh8 20.Rg1 Ng8 21.Rg3 Ndf6 22.Rag1 Bc8 23.Bxf6 Nxf6
24.Rh3 Nh7 25.Nd5 Qd8 26.Qe3 Be6 27.f4 exf4 28.Qxf4 b5 29.axb5 axb5 30.Re3 Nf6
31.Nxf6 Qxf6 32.Qxf6 Bxf6 33.Bxe6 fxe6 34.Nf3 Bg7 35.e5 d5 36.b4 cxb4 37.cxb4 Rf4
38.d4 Bf8 39.h3 Rc8 40.Ra1 Bxb4 41.Ra6 Rc2 42.Rxe6 Re4 43.Re8+ Kg7 44.Rb3 Rf4
45.e6 Bd6 46.Rd8 Be7 47.Rxd5 b4 48.Rd7 Kf6 49.d5 Rc3 50.g5+ hxg5 51.Rxc3 bxc3
52.Nh2 Rc4 53.Ng4+ Kf5 54.Rxe7 Ke4 55.Rc7 Rxc7 56.d6 c2  0-1

[Event "XLII Rilton Cup"]
[Site "Stockholm SWE"]
[Date "2012.12.30"]
[Round "4.37"]
[White "Persson,Andr"]
[Black "Eriksen,M"]
[Result "0-1"]
[WhiteElo "2164"]
[BlackElo "2109"]

1.e4 c5 2.Nf3 d6 3.Bb5+ Bd7 4.Bxd7+ Qxd7 5.O-O Nc6 6.Qe2 Nf6 7.Rd1 e6 8.d4 cxd4
9.Nxd4 Be7 10.c4 Nxd4 11.Rxd4 Qc6 12.Nc3 O-O 13.b3 a6 14.Bb2 Rab8 15.a4 Qb6
16.Rd3 Rfd8 17.Rg3 Kh8 18.Nd1 Qc6 19.Rc1 Rg8 20.Nc3 Rbc8 21.Rh3 Rgd8 22.Rd1 Qc5
23.Rdd3 Rg8 24.Rdg3 h6 25.Nd1 b5 26.Qf3 Kh7 27.axb5 axb5 28.Qf4 g5 29.Qf3 Rg6
30.Ne3 bxc4 31.Nxc4 Qb4 32.Qe2 e5 33.Rd3 Rc6 34.Rhf3 Kg8 35.Rf5 Ra6 36.h4 gxh4
37.Qf3 Qe1+ 38.Kh2 Ng4+  0-1

[Event "Hilton Master Open 2013"]
[Site "Basel SUI"]
[Date "2013.01.01"]
[Round "1.13"]
[White "Hansen,Eric"]
[Black "Schenker,R"]
[Result "1-0"]
[WhiteElo "2568"]
[BlackElo "2129"]

1.e4 c5 2.Nf3 d6 3.Bb5+ Bd7 4.Bxd7+ Qxd7 5.c4 Nc6 6.d4 cxd4 7.Nxd4 Nf6 8.Nc3 g6
9.O-O Bg7 10.Nde2 O-O 11.f3 Rfc8 12.Bg5 Qd8 13.Kh1 Nd7 14.b3 Nc5 15.Rb1 a5
16.Nd5 f6 17.Be3 e6 18.Ndc3 Qe7 19.a3 Ne5 20.Nb5 Bf8 21.Nec3 Ned7 22.Qe2 b6
23.Rfd1 Rc6 24.f4 f5 25.exf5 gxf5 26.Qf3 Rcc8 27.Nxd6 Rd8 28.b4 axb4 29.axb4 Na4
30.Ncb5 Nf6 31.h3 Bg7 32.c5 bxc5 33.bxc5 Ne8 34.Nd4 Nxc5 35.Nc6  1-0

[Event "88th Hastings Masters"]
[Site "Hastings ENG"]
[Date "2013.01.01"]
[Round "5.5"]
[White "Kulaots,K"]
[Black "Gao Rui"]
[Result "0-1"]
[WhiteElo "2581"]
[BlackElo "2450"]

1.e4 c5 2.Nf3 d6 3.Bb5+ Nc6 4.O-O Bd7 5.Re1 Nf6 6.c3 a6 7.Bf1 Bg4 8.h3 Bxf3
9.Qxf3 g6 10.d3 Bg7 11.Be3 Nd7 12.Qd1 O-O 13.Nd2 b5 14.Nf3 Nb6 15.d4 Na4
16.Rb1 Rc8 17.h4 cxd4 18.cxd4 e5 19.d5 Ne7 20.h5 Qd7 21.hxg6 hxg6 22.g3 f6
23.Nh4 Kf7 24.Be2 f5 25.Nf3 Bf6 26.Ng5+ Bxg5 27.Bxg5 Rh8 28.exf5 gxf5 29.Bh5+ Kg7
30.Bf3 Ng6 31.Bg2 Rcf8 32.f4 Qa7+ 33.Kf1 Nc5 34.Qe2 Ne4 35.Bxe4 fxe4 36.Qg2 Rh5
37.Ke2 Qd4 38.Red1 Qc4+ 39.Ke1 Qb4+ 40.Ke2 Rfh8 41.Qg1 Rh2+ 42.Ke3 Qc5+  0-1

[Event "Hilton Master Open 2013"]
[Site "Basel SUI"]
[Date "2013.01.02"]
[Round "3.17"]
[White "Hendriks,W"]
[Black "Kvetny,M"]
[Result "1/2-1/2"]
[WhiteElo "2420"]
[BlackElo "2201"]

1.e4 c5 2.Nf3 d6 3.Bb5+ Nd7 4.d4 Nf6 5.O-O cxd4 6.Qxd4 a6 7.Bxd7+ Bxd7 8.Bg5 e6
9.Nbd2 Rc8 10.Rfe1 Be7 11.Nc4 Bb5 12.Bxf6 gxf6 13.Nfd2 Qc7 14.b3 Qc5 15.Qxc5 Rxc5
16.Rad1 d5 17.exd5 Rxd5 18.Ne3 Rd8 19.Ndc4 O-O 20.a4 Bxc4 21.Nxc4 b5 22.axb5 axb5
23.Nb2 Rc8 24.Re2 Rc7 25.Ra1 Rfc8 26.c4 f5 27.g3 Bf6 28.cxb5 Rc1+ 29.Rxc1 Rxc1+
30.Kg2 Rb1 31.Nc4 Rxb3 32.Nd6 Be7 33.Nxf5 Bf8 34.Nd4 Rb4 35.Rd2  1/2-1/2

[Event "Hilton Master Open 2013"]
[Site "Basel SUI"]
[Date "2013.01.02"]
[Round "3.33"]
[White "Bhend,E"]
[Black "Mueller,We SUI"]
[Result "1/2-1/2"]
[WhiteElo "2248"]
[BlackElo "2033"]

1.e4 c5 2.Nf3 d6 3.Bb5+ Bd7 4.Bxd7+ Qxd7 5.O-O Nf6 6.Re1 Nc6 7.d3 g6 8.Nc3 Bg7
9.h3 O-O 10.Bg5 e6 11.Qd2 Rfc8 12.Bh6 Bxh6 13.Qxh6 Nd4 14.Rac1 Nxf3+ 15.gxf3 Qd8
16.Qh4 Nh5 17.Qxd8+  1/2-1/2

[Event "120th ch-NZL"]
[Site "Wellington NZL"]
[Date "2013.01.02"]
[Round "3.9"]
[White "Milligan,H"]
[Black "Reedy,B"]
[Result "0-1"]
[WhiteElo "2013"]
[BlackElo "2025"]

1.e4 c5 2.Nf3 d6 3.Bb5+ Bd7 4.Bxd7+ Nxd7 5.O-O Ngf6 6.Qe2 a6 7.c4 g6 8.Nc3 Bg7
9.d3 O-O 10.h3 Ne8 11.Re1 Nc7 12.Be3 b5 13.Qd2 Re8 14.Rab1 b4 15.Nd5 Ne6
16.Rec1 Nb8 17.a3 a5 18.Qc2 Nc6 19.Nf4 Ned4 20.Nxd4 Nxd4 21.Bxd4 Bxd4 22.Ne2 Bg7
23.Rd1 Qb6 24.Qd2 Reb8 25.a4 b3 26.Nc3 Qb4 27.Nd5 Qxa4 28.Nxe7+ Kf8 29.Ra1 Qd7
30.Nd5 a4 31.Ra3 Qc6 32.Rda1 Rb7 33.Kh1 Rba7 34.Kg1 Ra6 35.Rf1 R8a7 36.Kh1 Qe8
37.f4 Qd8 38.f5 Be5 39.f6 Ke8 40.g4 Kd7 41.g5 Qh8 42.Rf2 h6 43.gxh6 Ra8 44.Qg5 Kc6
45.Ne7+ Kb6 46.Nd5+ Kb7 47.Qg4 Rd8 48.Qh4 Qh7 49.Kg2 Rh8 50.Qg4 Rd8 51.Qg5 Ra7
52.Ne3 Bd4 53.Qd5+ Kc7 54.Qg5 Bxe3 55.Qxe3 Rh8 56.e5 Qxh6 57.Qxh6 Rxh6 58.e6 Kb6
59.e7 Rh8 60.Kg3 Ka5 61.Re2 Raa8 62.Kg4 Rae8 63.Ra1 Kb4 64.Re4 Rh5 65.Rf1 a3
66.bxa3+ Kxa3 67.Ra1+ Kb2 68.Ree1 Rf5 69.Ra7 Rxf6 70.Raa1 Rf5 71.Rab1+ Kc3
72.Rec1+ Kd4 73.Rxb3 Rxe7 74.Ra1 Re2 75.Rg1 Ref2 76.h4 R2f4+ 77.Kh3 Rf3+
78.Rg3 Rxg3+ 79.Kxg3 Re5 80.Kf4 Rf5+ 81.Kg4 f6 82.Ra3 Re5 83.Kf4 g5+ 84.hxg5 fxg5+
85.Kg4 Re3 86.Ra6 Rxd3 87.Rxd6+ Kxc4 88.Rb6 Rd5 89.Kf3 Kc3 90.Ke3 g4 91.Ke2 c4
92.Rg6 Rd4 93.Ke1 Kc2 94.Ke2 c3 95.Ke1 Kc1 96.Ke2 c2 97.Ke1 Rb4 98.Rc6 Rb3
99.Ke2 Kb1 100.Kd2 Rb2  0-1

[Event "Australian Open 2013"]
[Site "Cammeray AUS"]
[Date "2013.01.03"]
[Round "2.31"]
[White "Hursky,K"]
[Black "Jack,Martin"]
[Result "1/2-1/2"]
[WhiteElo "2075"]
[BlackElo "1758"]

1.e4 c5 2.Nf3 d6 3.Bb5+ Bd7 4.Bxd7+ Nxd7 5.O-O Ngf6 6.Re1 Qc7 7.d4 cxd4 8.Qxd4 e6
9.c4 Be7 10.Nc3 a6 11.b3 O-O 12.Bb2 Rfd8 13.Rad1 Rac8 14.h3 h6 15.g3 Qc5
16.Kg2 Qxd4 17.Nxd4 Nc5 18.f4 Bf8 19.Nf3 Rb8 20.Ba3 b6 21.Bxc5 dxc5 22.e5 Ne8
23.Kf2 Nc7 24.Rxd8 Rxd8 25.Rd1 Rxd1 26.Nxd1 f6 27.Ke3 Kf7 28.g4 b5 29.Ke4 Be7
30.Ne3 b4 31.f5 Ne8 32.h4 g6 33.fxg6+ Kxg6 34.h5+ Kf7 35.Ng2 fxe5 36.Nxe5+ Kf6
37.Nd7+ Kf7 38.Ne5+ Kf6 39.Nd7+ Kf7 40.Ne5+ Kf6  1/2-1/2

[Event "Hilton Master Open 2013"]
[Site "Basel SUI"]
[Date "2013.01.04"]
[Round "5.19"]
[White "Hendriks,W"]
[Black "Schenker,R"]
[Result "1/2-1/2"]
[WhiteElo "2420"]
[BlackElo "2129"]

1.e4 c5 2.Nf3 d6 3.Bb5+ Bd7 4.Bxd7+ Qxd7 5.b4 cxb4 6.O-O Nf6 7.Re1 e6 8.a3 bxa3
9.d4 Be7 10.Bxa3 O-O 11.c4 Qc7 12.Nbd2 Rd8 13.Qe2 Bf8 14.Reb1 Nbd7 15.Rb3 b6
16.Bb2 e5 17.Nh4 g6 18.f4 exd4 19.Bxd4 Bg7 20.Nhf3 Re8 21.Rba3 Qb7 22.e5 dxe5
23.Nxe5 Nh5 24.Qf3 Qxf3 25.Nexf3 Nxf4 26.Bxg7 Kxg7 27.Rxa7 Rxa7 28.Rxa7 Ne5
29.Rb7 Nxf3+ 30.Nxf3 Re2 31.g3 Nh3+ 32.Kh1 Nf2+ 33.Kg1 Nh3+ 34.Kh1 Rf2 35.Ne5 Rf6
36.Nd7 Rc6 37.Ne5 Rf6 38.Nd7 Rc6  1/2-1/2

[Event "88th Hastings Masters"]
[Site "Hastings ENG"]
[Date "2013.01.04"]
[Round "8.27"]
[White "Anderson,J"]
[Black "Safarian,Al"]
[Result "1-0"]
[WhiteElo "2161"]
[BlackElo "2050"]

1.e4 c5 2.Nf3 d6 3.Bb5+ Bd7 4.Bxd7+ Qxd7 5.O-O g6 6.c3 Bg7 7.d4 cxd4 8.cxd4 Nf6
9.Nc3 O-O 10.e5 Ne8 11.Qe2 Nc6 12.Rd1 Nc7 13.Bf4 Ne6 14.Be3 d5 15.Rac1 Rac8
16.h4 h6 17.Qd3 Rfd8 18.Ne2 Rc7 19.Ng3 Rdc8 20.Qd2 Kh7 21.h5 Nf8 22.Nh2 g5
23.f4 gxf4 24.Bxf4 Ne6 25.Be3 Rg8 26.Nf5 Ng5 27.Qc2 Ne4 28.Ng3 Bxe5 29.Nxe4 Bxh2+
30.Kxh2 dxe4 31.Qxe4+ f5 32.Qf4 Qd6 33.d5 Ne5 34.Rxc7 Ng4+ 35.Kg1  1-0

[Event "XXIII Krakow Open"]
[Site "Krakow POL"]
[Date "2013.01.04"]
[Round "9.11"]
[White "Kulon,K"]
[Black "Sadzikowski,D"]
[Result "0-1"]
[WhiteElo "2287"]
[BlackElo "2449"]

1.e4 c5 2.Nf3 d6 3.Bb5+ Nd7 4.c3 Nf6 5.d3 a6 6.Ba4 g6 7.O-O Bg7 8.Re1 b5
9.Bc2 O-O 10.d4 e5 11.a4 Bb7 12.b3 exd4 13.cxd4 bxa4 14.Rxa4 d5 15.exd5 Nxd5
16.dxc5 Nxc5 17.Rc4 Ne6 18.Be4 Rb8 19.Ba3 Re8 20.Rc2 f5 21.Bxd5 Qxd5 22.Rd2 Nd4
23.Rxe8+ Rxe8 24.Kh1 g5 25.Nc3 Qxf3 26.gxf3 Bxf3+ 27.Qxf3 Nxf3 28.Rd3 g4  0-1

[Event "XXIII Krakow Open"]
[Site "Krakow POL"]
[Date "2013.01.04"]
[Round "9.1"]
[White "Mastrovasilis,D"]
[Black "Dragun,K"]
[Result "1/2-1/2"]
[WhiteElo "2616"]
[BlackElo "2461"]

1.e4 c5 2.Nf3 d6 3.Bb5+ Nd7 4.O-O a6 5.Bd3 Ngf6 6.c3 Ne5 7.Be2 Ng6 8.Re1 Bd7
9.Bf1 e6 10.d4 cxd4 11.cxd4 d5 12.e5 Ne4 13.Nbd2 Bc6 14.Bd3 Bb4 15.a3 Nxd2
16.Bxd2 Bxd2 17.Qxd2 Nh4 18.Nxh4 Qxh4 19.f4 g6 20.Rac1 O-O 21.Rc5 Rfc8 22.Rec1 Bd7
23.g3 Qd8 24.Kf2 Rxc5 25.Rxc5 b6 26.Rc2 a5 27.Qc1 Rc8 28.Rxc8 Qxc8 29.Qxc8+ Bxc8
30.g4 Bd7 31.Kg3 Kg7 32.Bc2 Bb5 33.h4 h6 34.Kf2 Bd7 35.Bd3 Bc6 36.Kf3 Bd7
37.Kg3 Bc6 38.Bf1 Bd7 39.Kf3 Bc6 40.Ke3 Kf8 41.Be2 Ke7 42.Kd2 Bd7 43.Kc3 b5
44.b4 a4 45.Kd2 Bc6 46.Ke3 Bd7 47.Kf2 Bc6 48.Kg3 Kf8 49.h5 g5 50.Bd3  1/2-1/2